[Event "AUTO-ELITE-1632"]
[Site "http://www.queenalice.com/game.php?id=1445016"]
[Date "2016.10.10"]
[Round "2"]
[White "gacer"]
[Black "choto"]
[Result "0-1"]
[WhiteElo "2236"]
[BlackElo "2275"]

1. e4 e5 2. Nf3 Nc6 3. Bc4 Bc5 4. O-O Nf6 5. d3 a6 6. Nc3 d6 7. h3 Na5 8. Bb3
Nxb3 9. axb3 h6 10. Be3 Bxe3 11. fxe3 O-O 12. d4 exd4 13. exd4 Re8 14. Qd3 b6
15. Rae1 Bb7 16. e5 dxe5 17. Nxe5 c5 18. d5 Bxd5 19. Nxd5 Qxd5 20. Qxd5 Nxd5 21.
Rxf7 Re6 22. Rd7 Nf6 23. Rdd1 Rae8 24. Nf3 Rxe1+ 25. Nxe1 h5 26. Nf3 Re2 27. Rd6
Rxc2 28. Ng5 Kh8 29. Rxb6 Rxb2 30. Rb8+ Ng8 31. Kf1 Rc2 32. Rb7 c4 33. Rb6 c3
34. Nf7+ Kh7 35. Ng5+ Kh8 36. g4 hxg4 37. Nf7+ Kh7 38. Ng5+ Kh8 39. Nf7+ Kh7 40.
hxg4 Nf6 41. g5 Kg6 42. gxf6 Kxf7 43. fxg7 Rh2 44. Rb7+ Kg8 45. Rc7 c2 46. Ke1
a5 47. Rc5 Kxg7 48. Rxa5 c1=Q# 0-1

[Event "AUTO-ELITE-1811"]
[Site "http://www.queenalice.com/game.php?id=1470841"]
[Date "2017.3.28"]
[Round "1"]
[White "gacer"]
[Black "AsterixTwin"]
[Result "1-0"]
[WhiteElo "2237"]
[BlackElo "2392"]

1. e4 e6 2. d4 d5 3. Nd2 Nf6 4. e5 Nfd7 5. c3 c5 6. Bd3 Nc6 7. Ngf3 Qb6 8. O-O
cxd4 9. cxd4 Nxd4 10. Nxd4 Qxd4 11. Nf3 Qb6 12. Qc2 h6 13. Bd2 Qd8 14. b4 Be7
15. Qb2 O-O 16. Rae1 Re8 17. Qd4 f5 18. Rc1 Nf8 19. Qf4 Nh7 20. h4 Bd7 21. Qg3
Kh8 22. Qh2 Rc8 23. Rxc8 Bxc8 24. a4 a6 25. Ra1 Bd7 26. Qg3 Rg8 27. b5 axb5 28.
axb5 g5 29. hxg5 hxg5 30. Nd4 g4 31. Ne2 Bg5 32. Bc1 Bxc1 33. Rxc1 Ng5 34. Nf4
Ne4 35. Bxe4 fxe4 36. Qh2+ Kg7 37. b6 Qxb6 38. Nh5+ 1-0

[Event "AUTO-ELITE-1811"]
[Site "http://www.queenalice.com/game.php?id=1470842"]
[Date "2017.3.28"]
[Round "1"]
[White "AsterixTwin"]
[Black "gacer"]
[Result "0-1"]
[WhiteElo "2557"]
[BlackElo "2215"]

1. e4 c5 2. Nf3 d6 3. d4 cxd4 4. Nxd4 Nf6 5. Nc3 a6 6. Bg5 e6 7. f4 Qc7 8. Qf3
b5 9. O-O-O b4 10. Nce2 Nbd7 11. g4 Bb7 12. Ng3 Rc8 13. Bd3 Qb6 14. Nge2 Be7 15.
h4 O-O 16. Kb1 Rc7 17. h5 h6 18. Bh4 Nc5 19. Bxf6 Bxf6 20. Qe3 e5 21. Nf5 Re8
22. Neg3 exf4 23. Qxf4 d5 24. exd5 Bxd5 25. Rhe1 Bxa2+ 26. Ka1 Be6 27. Kb1 Nxd3
28. Rxd3 Ba2+ 29. Kxa2 Rxe1 30. Ne4 b3+ 31. Rxb3 Qa5+ 32. Ra3 Ra1+ 33. Kb3 Qb5#
0-1

[Event "AUTO-ELITE-1811"]
[Site "http://www.queenalice.com/game.php?id=1470843"]
[Date "2017.3.28"]
[Round "1"]
[White "gacer"]
[Black "etuz"]
[Result "1-0"]
[WhiteElo "2269"]
[BlackElo "2277"]

1. e4 c5 2. Nf3 d6 3. d4 cxd4 4. Nxd4 Nf6 5. Nc3 a6 6. Bg5 e6 7. f4 Be7 8. Qf3
Qc7 9. O-O-O Nbd7 10. g4 b5 11. a3 1-0

[Event "AUTO-ELITE-1832"]
[Site "http://www.queenalice.com/game.php?id=1478428"]
[Date "2017.5.17"]
[Round "1"]
[White "gacer"]
[Black "bobjgirl"]
[Result "1-0"]
[WhiteElo "2254"]
[BlackElo "2352"]

1. e4 e5 2. Nf3 Nc6 3. Bb5 a6 4. Ba4 Nf6 5. O-O b5 6. Bb3 Be7 7. a4 Bb7 8. d3
O-O 9. Nbd2 d6 10. Re1 Na5 11. Ba2 c5 12. Nf1 h6 13. Ng3 Re8 14. Bd2 Nc6 15. c3
Bf8 16. Nf5 Ne7 17. Nxe7+ Bxe7 18. Qb3 d5 19. Qd1 dxe4 20. Nxe5 Bd5 21. c4 bxc4
22. dxe4 Nxe4 23. Ba5 Qxa5 24. Qxd5 Ng5 25. Nc6 Qc7 26. Rxe7 1-0

[Event "AUTO-ELITE-1832"]
[Site "http://www.queenalice.com/game.php?id=1478429"]
[Date "2017.5.17"]
[Round "1"]
[White "bobjgirl"]
[Black "gacer"]
[Result "0-1"]
[WhiteElo "2315"]
[BlackElo "2269"]

1. d4 Nf6 2. c4 e6 3. Nf3 d5 4. Nc3 Bb4 5. Bg5 h6 6. Bh4 g5 7. Bg3 Ne4 8. Qc2
Nc6 9. a3 Bxc3+ 10. bxc3 h5 11. h3 Nxg3 12. fxg3 Qf6 13. e3 Ne7 14. Bd3 b6 15.
O-O O-O 16. Ne5 Qh6 17. Qe2 f6 18. Nf3 dxc4 19. Bxc4 Nf5 20. Qe1 g4 21. Nh4
Qxe3+ 22. Kh2 Qxe1 23. Raxe1 Nxh4 24. gxh4 gxh3 25. Kxh3 Kf7 26. Rf5 Rh8 27.
Ref1 Rh6 28. Rg5 Bd7 29. d5 exd5+ 0-1

[Event "AUTO-ELITE-1811"]
[Site "http://www.queenalice.com/game.php?id=1489096"]
[Date "2017.8.6"]
[Round "2"]
[White "gacer"]
[Black "etuz"]
[Result "0-1"]
[WhiteElo "2305"]
[BlackElo "2248"]

1. e4 c5 2. Nf3 d6 3. d4 cxd4 4. Nxd4 Nf6 5. Nc3 a6 6. Bg5 e6 7. f4 Be7 8. Qf3
Qc7 9. O-O-O Nbd7 10. g4 b5 11. Rg1 b4 12. Nce2 Bb7 13. Ng3 O-O 14. Rg2 Nc5 15.
Bxf6 Bxf6 16. g5 Be7 17. Rgd2 d5 18. e5 a5 19. Kb1 a4 20. Qe3 a3 21. b3 Ra5 22.
h4 Kh8 23. c3 bxc3 24. Rc2 Qb6 25. Ka1 Ne4 26. Nge2 Rc5 27. Bg2 Rfc8 28. h5 Ba6
29. Bxe4 dxe4 30. Qxe4 R5c7 31. Nf3 Qb4 32. Rd4 Qb7 33. Ng3 Bc5 34. Qxb7 Bxb7
35. Rd3 Ba6 36. Rd1 Be3 37. Kb1 Bb7 38. Rd3 Bxf4 39. Ne2 Bxf3 40. Rxf3 Bxe5 41.
Nc1 Kg8 42. Nd3 Bd4 43. Rg3 Rc6 44. Rgg2 e5 45. Rce2 e4 46. Nb4 Rd6 47. Rxe4 Bf2
48. Nc6 Rd1+ 49. Kc2 Rd2+ 50. Kxc3 Rb2 51. Rc4 Be1+ 52. Kd3 Rxg2 53. Ne7+ Kf8
54. Nxc8 Rxa2 55. Nb6 Rd2+ 56. Ke4 a2 57. Ra4 Rb2 58. Nc4 Rg2 59. Ne3 Rxg5 60.
Rxa2 Bc3 61. Ra8+ Ke7 62. Kd3 Be5 63. Kc2 Bd4 64. Kd3 Bxe3 65. Kxe3 Rg3+ 66. Kf4
Rxb3 67. Ra7+ Ke6 68. Ra6+ Kd5 69. Ra7 h6 70. Rxf7 Rh3 71. Kg4 Rh1 72. Rd7+ Ke6
73. Rb7 Kf6 0-1

[Event "AUTO-ELITE-1811"]
[Site "http://www.queenalice.com/game.php?id=1489097"]
[Date "2017.8.6"]
[Round "2"]
[White "etuz"]
[Black "gacer"]
[Result "0-1"]
[WhiteElo "2278"]
[BlackElo "2293"]

1. e4 c5 2. Nf3 d6 3. d4 cxd4 4. Nxd4 Nf6 5. Nc3 a6 6. Bg5 e6 7. f4 Be7 8. Qf3
Qc7 9. O-O-O Nbd7 10. g4 b5 11. Kb1 Bb7 12. a3 O-O 13. Bxf6 Bxf6 14. h4 e5 15.
fxe5 Bxe5 16. Nd5 Bxd5 17. exd5 Bxd4 18. Rxd4 Rae8 19. Bd3 Re5 20. a4 Rfe8 21.
Rc1 Qa5 22. Rf1 R8e7 23. Bf5 Nb6 24. c3 Nc4 25. Bc2 Re2 26. h5 Qc7 27. Qf4 R7e3
28. h6 Qe7 29. Rf2 g6 30. Bd1 Re1 31. Rf1 Rxf1 32. Qxf1 Re1 33. Qf2 Qe3 34. Qh4
g5 35. Qh2 f6 36. Qg2 Rg1 37. Qc2 Rf1 38. axb5 axb5 39. Ka2 Rf2 40. Rxc4 bxc4
41. Qa4 Qe7 42. Bc2 Re2 43. Bd1 Rh2 44. Qxc4 Kf7 45. Bf3 Rxh6 46. b4 Rh2+ 47.
Kb3 h5 48. gxh5 Qa7 49. Be2 f5 50. Qc8 Rxe2 51. Qxf5+ Ke8 52. Qxg5 Qa2# 0-1

[Event "AUTO-ELITE-1811"]
[Site "http://www.queenalice.com/game.php?id=1489098"]
[Date "2017.8.6"]
[Round "2"]
[White "gacer"]
[Black "TigranPetrosian"]
[Result "1/2-1/2"]
[WhiteElo "2285"]
[BlackElo "2606"]

1. e4 c5 2. Nf3 d6 3. d4 cxd4 4. Nxd4 Nf6 5. Nc3 a6 6. Be2 e6 7. O-O Be7 8. a4
Nc6 9. Be3 O-O 10. f4 Qc7 11. Kh1 Re8 12. Bf3 Rb8 13. g4 Nd7 14. Bg2 b6 15. g5
Bb7 16. Qh5 Nxd4 17. Bxd4 g6 18. Qh6 Bf8 19. Qh4 b5 20. axb5 axb5 21. Rf3 e5 22.
fxe5 Nxe5 23. Rh3 h5 24. gxh6 b4 25. Nb5 Qd7 26. c4 Kh7 27. b3 Bc6 28. Qf6 Re6
29. Qf4 Ra8 30. Rxa8 Bxa8 31. Rg3 Qe7 32. Be3 Nd3 33. Qf1 Nc5 34. Rf3 f5 35.
exf5 gxf5 36. Rg3 Bxg2+ 37. Kxg2 Qb7+ 38. Kg1 Qe4 39. Nc7 Rg6 40. Nd5 Nxb3 41.
Rxg6 Kxg6 42. Qh3 Qg4+ 43. Qxg4+ fxg4 44. Nxb4 Bxh6 45. Bxh6 Kxh6 46. Kf2 Nd2
47. Ke3 Nxc4+ 48. Ke4 Kg5 49. Kd5 Nd2 50. Nd3 Nf3 51. Nf2 Nxh2 52. Nxg4 Nxg4 53.
Kxd6 Nf6 1/2-1/2

[Event "AUTO-ELITE-1811"]
[Site "http://www.queenalice.com/game.php?id=1489099"]
[Date "2017.8.6"]
[Round "2"]
[White "TigranPetrosian"]
[Black "gacer"]
[Result "1-0"]
[WhiteElo "2613"]
[BlackElo "2295"]

1. e4 c5 2. Nf3 d6 3. d4 cxd4 4. Nxd4 Nf6 5. Nc3 a6 6. Bg5 e6 7. f4 Qb6 8. Nb3
Nbd7 9. Qf3 Be7 10. O-O-O Qc7 11. Bd3 b5 12. Rhe1 Bb7 13. Kb1 b4 14. Ne2 h6 15.
Bh4 O-O 16. Qh3 a5 17. Nbd4 Rad8 18. g4 Nc5 19. g5 hxg5 20. Bxg5 Bxe4 21. Rg1
Nxd3 22. cxd3 Bg6 23. Bh6 Ne8 24. f5 exf5 25. Nf4 Bf6 26. Nxg6 fxg6 27. Ne6 Qf7
28. Nxd8 Bxd8 29. Bf4 Bb6 30. Rge1 b3 31. a3 d5 32. Rc1 Nf6 33. Qg2 a4 34. Rc6
Bd8 35. Ra6 Qb7 36. Rxa4 Qb5 37. Ra8 Qxd3+ 38. Ka1 Be7 39. Rxf8+ Bxf8 40. Qf1
Qc2 41. Rc1 Qe4 42. Rc8 Kf7 43. Rc7+ Kg8 44. Rc3 Qa4 45. Qc1 Ne4 46. Rc8 Kf7 47.
Qc7+ Be7 48. Qb7 Qd4 49. Rc7 Qd1+ 50. Rc1 Qd4 51. Re1 Kf6 52. Be3 Qd3 53. Bg5+
Kxg5 54. Qxe7+ Kh5 55. Qxg7 g5 56. Qe5 Qd2 57. Qe8+ Kh6 58. Rf1 f4 59. Qe6+ Kg7
60. Qf5 Kh8 61. Qf7 Qe3 62. Qxd5 f3 63. Qe5+ Kh7 64. Qf5+ Kg7 65. Qxf3 Qf4 66.
Qxf4 gxf4 67. Rxf4 Nf6 68. Rb4 Kf7 69. Rxb3 Ne4 70. Re3 Nc5 71. b4 Na6 72. b5
Nc5 73. b6 Kg6 74. a4 Kf5 75. a5 Kf4 76. Rc3 Nd7 77. b7 Ke5 78. Rc8 Kd5 79. a6
Kd6 80. a7 Kd5 81. a8=Q 1-0